| 000 | 01047nam a22001697a 4500 | ||
|---|---|---|---|
| 020 | _a9789681641993 | ||
| 080 | _a342 Sa 13 | ||
| 100 | _aSabine, George H. | ||
| 245 | _aHistoria de la Teoria Politica | ||
| 250 | _a3° Ed. 14° Reimp. | ||
| 260 |
_aMexico: _bFondo de Cultura economica, _c2019 |
||
| 300 |
_a697 P. _c23 X 16 Cm. |
||
| 490 | _a Obras de Politica y Derecho | ||
| 650 |
_xteoria politica _xideas politicas _xinstituciones politicas _xpensamiento politico _xciudad estado _xfilosofia politica _xPlaton _xAristoteles _xla Republica _xel politico y las leyes _xCiceron _xSeneca _xMarcilio de Padua _xGuillermo de Occam _xFelipe el hermoso _xfeudalismo _xGregorio VIII _xSanto Tomas _xIglesia estado medieval _xMaquiavelo _xJuan Bodino _xHugo Grocio _xCalvino _xMartin Lutero _xThomas Hobbes _xmaterialismo cientifico _xderecho natural _xLocke _xVoltaire _xRousseau _xHume _xHegel _xdialectica _xMarx _xmaterialismo dialectico _xliberalismo _xJhon Stuart Mill _xlucha de clases _xcomunismo _xLenim _xfascismo _xnacionalsocialismo |
||
| 945 |
_acd _d2023-07-06 |
||
| 999 |
_c5306 _d235810 |
||
| 942 | _6_ | ||